000 00558nam a2200217 a 4500
001 0001-2221
003 ELIB.Books
008 190803 2010 eng
020 _a0679462996
092 _a305.23
_bPol
100 _aPollack, William S.
245 _aReal Boys' Voices
260 _aNew York
_bPenguin Books
_c2000
300 _a392
_c21.5cm
650 _aBoys-United States-Attitudes
856 _nKBTS Library
_uKBTS Elib
942 _2ddc
_cBK
990 _a1
998 _aEnglishbooks.elf
_ccat
_e2019-08-03
999 _c12221
_d12221